Národné výbory

Bibliographic Details
New Title:Verejná správa
Previous Title:Hlas národných výborov
Format: Journal
Language:Slovak
PhysicalDescription:41 zv. 30 cm
Published: Bratislava Predsedníctvo vlády - odbor pre národné výbory 1960-1990
Bratislava Predsedníctvo Slovenskej národnej rady
Bratislava Vláda Slovenskej socialistickej republiky
Praha Bratislava Predsedníctvo vlády v Prahe
ISSN:1335-7883
Subjects:

MARC

LEADER 00000cas a2200000 a 4500
001 vtls008881579
003 SK-MaSNL
005 20260228162204.0
008 020117d19601990xo sr p 0 0 b0slo
035 |a (SVKBB03)vtls000103013 
040 |a SVKBB  |b slo  |c SVKBB  |d SNK  |e AACR2 
041 0 |a slo 
044 |a xo  |c SK 
072 7 |a 35  |x Verejná správa. Štátna správa. Vojenská správa  |2 konspekt 
080 |a 050  |2 2011 
080 |a 352  |2 2011 
080 |a 353  |2 2011 
080 |a 354  |2 2011 
245 0 0 |a Národné výbory 
247 0 1 |a Národné výbory  |b časopis pre poslancov a pracovníkov NV  |f 1963-1970 
247 0 1 |a Národné výbory  |b odborno-politický časopis vlády SSR 
260 2 |3 1961-1968  |a Bratislava  |b Predsedníctvo vlády - odbor pre národné výbory 
260 2 |3 1969-1970  |a Bratislava  |b Predsedníctvo Slovenskej národnej rady 
260 3 |3 1971-1990  |a Bratislava  |b Vláda Slovenskej socialistickej republiky 
260 |a Praha  |a Bratislava  |b Predsedníctvo vlády v Prahe  |c 1960-1990 
300 |a 41 zv.  |c 30 cm 
310 |a 2x mesačne  |b 1/1961-1990 
321 |a 1x týždenne  |b 40/1960-52/1960 
362 0 |a Č. 40 (1960)-1990 
500 |a Podnázov v tiráži od č. 1/1961: časopis pre funkcionárov a pracovníkov národných výborov ; od č. 1/1962 : časopis pre funkcionárov národných výborov ; od č. 2/1962: časopis pre poslancov a pracovníkov NV 
500 |a Mal príl. Na pomoc tajomníkom MNV. Vychádza aj maďarská mutácia Nemzeti Bizottságok 
500 |a V r. 1960 po č. 39 vych. len v českom znení, od čísla 40 red. v Prahe aj v Bratislave, vychádzal v čes. a slov. znení 
650 0 7 |a štátna správa  |2 SNKPH  |9 1539 
650 0 7 |a verejná správa  |2 SNKPH  |9 1538 
650 0 7 |a územná samospráva  |2 SNKPH  |9 802 
655 7 |a časopisy orgánov štátnej správy  |2 SNKPH  |9 70759 
770 0 |t Na pomoc tajomníkom MNV  |w vtls010301642 
775 0 |t Nemzeti Bizottságok  |w vtls011842946 
780 0 0 |t Hlas národných výborov  |w vtls010301284 
785 0 0 |t Verejná správa  |x 1335-7883  |w vtls001466097 
910 |a snk 
999 |c 7050  |d 8980 
952 |t č. 1-13  |a SNK  |b SNK  |y PREZ  |7 0  |p 17A0213318  |o snkČSB 366/1990/1  |i snkČSP 422/93  |8 0  |0 0  |1 0  |4 0  |d 1999-10-08  |l 0  |r 2005-01-02 00:00:00  |w 2026-02-21 
952 |t č. 1-26  |a SNK  |b SNK  |y PREZ  |7 0  |p 17A0227617  |o snkČSB 366/1970  |i snkČSP 4/71  |0 0  |1 0  |4 0  |d 2000-02-15  |l 0  |r 2005-01-02 00:00:00  |w 2026-02-21 
952 |t č. 1-26  |a SNK  |b SNK  |y PREZ  |7 0  |p 17A0515677  |o snkČSB 366/1987 D1  |i snkČSP 2478/88  |0 0  |1 0  |4 0  |d 2006-10-02  |l 0  |r 2026-02-21 20:04:23  |w 2026-02-21 
952 |t č. 40-52  |a SNK  |b SNK  |y PREZ  |7 0  |p 17A0337034  |o snkČSB 366/1960 D1  |0 0  |1 0  |4 0  |d 2002-03-18  |l 0  |r 2005-01-02 00:00:00  |w 2026-02-21 
952 |t č. 1-26  |a SNK  |b SNK  |y PREZ  |7 0  |p 17A0565925  |o snkČSB 366/1969  |i snkČSP 168/70  |0 0  |1 0  |4 0  |d 2007-11-13  |l 0  |r 2026-02-21 20:14:51  |w 2026-02-21 
952 |t č. 40-52  |a SNK  |b SNK  |y PREZ  |7 0  |p 17A0337061  |o snkČSB 366/[16]/1960  |i snkČSP 1738/61  |0 0  |1 0  |4 0  |d 2002-03-15  |l 0  |r 2005-01-02 00:00:00  |w 2026-02-21 
952 |t č. 1-26  |a SNK  |b SNK  |y PREZ  |7 0  |p 17A0709423  |o snkČSB 366/1979 D1  |i snkČSP 378/80  |0 0  |1 0  |4 0  |d 2011-09-06  |l 0  |r 2026-03-26 10:43:31  |w 2026-02-21 
952 |t č. 1-13  |a SNK  |b SNK  |y PREZ  |7 0  |p 17A0709714  |o snkČSB 366/1990/1 D1  |i snkČSP 423/93  |0 0  |1 0  |4 0  |d 2011-10-03  |l 0  |r 2026-02-21 20:22:45  |w 2026-02-21 
952 |t č. 14-26  |a SNK  |b SNK  |y PREZ  |7 0  |p 17A0709715  |o snkČSB 366/1990/2 D1  |i snkČSP 425/93  |0 0  |1 0  |4 0  |d 2011-10-03  |l 0  |r 2026-02-21 20:22:46  |w 2026-02-21 
952 |t č. 1-12  |a SNK  |b SNK  |y PREZ  |7 0  |p 17A0711190  |o snkČSB 366/1/1963  |i snkČSP 12/64  |0 0  |1 0  |4 0  |d 2012-08-31  |l 0  |r 2026-02-21 20:23:40  |w 2026-02-21 
952 |t č. 13-24  |a SNK  |b SNK  |y PREZ  |7 0  |p 17A0711189  |o snkČSB 366/2/1962  |i snkČSP 708/63  |0 0  |1 0  |4 0  |d 2012-08-31  |l 0  |r 2026-02-21 20:23:40  |w 2026-02-21 
952 |t č. 1-12  |a SNK  |b SNK  |y PREZ  |7 0  |p 17A0711188  |o snkČSB 366/1/1962  |i snkČSP 408/63  |0 0  |1 0  |4 0  |d 2012-08-31  |l 0  |r 2026-02-21 20:23:41  |w 2026-02-21 
952 |a SNK  |b SNK  |y PREZ  |7 0  |p 17A0711193  |o snkČSB 366/2/1964  |i snkČSP 256/65  |0 0  |1 0  |4 0  |d 2012-08-31  |l 0  |r 2026-02-21 20:23:41  |w 2026-02-21 
952 |t č. 14-26  |a SNK  |b SNK  |y PREZ  |7 0  |p 17A0711217  |o snkČSB 366/2/1966  |i snkČSP 777/67  |0 0  |1 0  |4 0  |d 2012-08-31  |l 0  |r 2026-02-21 20:23:41  |w 2026-02-21 
952 |t č. 1-12  |a SNK  |b SNK  |y PREZ  |7 0  |p 17A0711214  |o snkČSB 366/1/1965  |i snkČSP 185/66  |0 0  |1 0  |4 0  |d 2012-08-31  |l 0  |r 2026-02-21 20:23:41  |w 2026-02-21 
952 |t č. 1-13  |a SNK  |b SNK  |y PREZ  |7 0  |p 17A0711216  |o snkČSB 366/1/1966  |i snkČSP 776/67  |0 0  |1 0  |4 0  |d 2012-08-31  |l 0  |r 2026-02-21 20:23:42  |w 2026-02-21 
952 |t č. 13-24  |a SNK  |b SNK  |y PREZ  |7 0  |p 17A0711215  |o snkČSB 366/2/1965  |i snkČSP 186/66  |0 0  |1 0  |4 0  |d 2012-08-31  |l 0  |r 2026-02-21 20:23:42  |w 2026-02-21 
952 |t č. 1-12  |a SNK  |b SNK  |y PREZ  |7 0  |p 17A0711192  |o snkČSB 366/1/1964  |i snkČSP 255/65  |0 0  |1 0  |4 0  |d 2012-08-31  |l 0  |r 2026-02-21 20:23:42  |w 2026-02-21 
952 |t č. 13-24  |a SNK  |b SNK  |y PREZ  |7 0  |p 17A0711191  |o snkČSB 366/2/1963  |i snkČSP 13/64  |0 0  |1 0  |4 0  |d 2012-08-31  |l 0  |r 2026-02-21 20:23:42  |w 2026-02-21 
952 |t č. 1-52  |a SNK  |b SNK  |y PREZ  |7 0  |p 17A0711197  |o snkČSB 366/1961  |i snkČSP 304/64  |0 0  |1 0  |4 0  |d 2012-08-31  |l 0  |r 2026-02-21 20:23:42  |w 2026-02-21 
952 |t č. 1-26  |a SNK  |b SNK  |y PREZ  |7 0  |p 17A0711150  |o snkČSB 366/1975  |i snkČSP 839/76  |0 0  |1 0  |4 0  |d 2012-08-31  |l 0  |r 2026-02-21 20:23:42  |w 2026-02-21 
952 |t č. 1-26  |a SNK  |b SNK  |y PREZ  |7 0  |p 17A0711179  |o snkČSB 366/1971  |i snkČSP 221/72  |0 0  |1 0  |4 0  |d 2012-08-31  |l 0  |r 2026-02-21 20:23:42  |w 2026-02-21 
952 |t č. 1-12, úplný  |a SNK  |b SNK  |y PREZ  |7 0  |o snkČSB 366/6/1950  |i snk4/51  |0 0  |1 0  |4 0  |d 2012-08-31  |l 0  |r 2026-02-21 20:23:42  |w 2026-02-21 
952 |t č. 1-24  |a SNK  |b SNK  |y PREZ  |7 0  |p 17A0711196  |o snkČSB 366/9/1953  |i snkVIII. 6579/50  |8 5  |0 0  |1 0  |4 0  |d 2012-08-31  |l 0  |r 2026-02-21 20:23:42  |w 2026-02-21 
952 |t č. 1-26  |a SNK  |b SNK  |y PREZ  |7 0  |p 17A0711176  |o snkČSB 366/1973  |i snkČSP 219/74  |0 0  |1 0  |4 0  |d 2012-08-31  |l 0  |r 2026-02-21 20:23:42  |w 2026-02-21 
952 |t č. 1-26  |a SNK  |b SNK  |y PREZ  |7 0  |p 17A0850677  |o snkČSB 366/1981  |i snkČSP 339/82  |0 0  |1 0  |4 0  |d 2012-08-31  |l 0  |r 2026-02-21 20:23:42  |w 2026-02-21 
952 |t č. 1-26  |a SNK  |b SNK  |y PREZ  |7 0  |p 17A0711183  |o snkČSB 366/1967  |i snkČSP 563/60  |0 0  |1 0  |4 0  |d 2012-08-31  |l 0  |r 2026-02-21 20:23:43  |w 2026-02-21 
952 |t č. 1-26  |a SNK  |b SNK  |y PREZ  |7 0  |p 17A0711184  |o snkČSB 366/1968  |i snkČSP 377/69  |0 0  |1 0  |4 0  |d 2012-08-31  |l 0  |r 2026-02-21 20:23:43  |w 2026-02-21 
952 |t č. 1-26  |a SNK  |b SNK  |y PREZ  |7 0  |p 17A0711153  |o snkČSB 366/1977  |i snkČSP 459/77  |0 0  |1 0  |4 0  |d 2012-08-31  |l 0  |r 2026-02-21 20:23:43  |w 2026-02-21 
952 |t č. 1-24  |a SNK  |b SNK  |y PREZ  |7 0  |p 17A0711177  |o snkČSB 366/8/1952  |i snk95/53  |0 0  |1 0  |4 0  |d 2012-08-31  |l 0  |r 2026-02-21 20:23:43  |w 2026-02-21 
952 |t č. 1-12  |a SNK  |b SNK  |y PREZ  |7 0  |p 17A0711181  |o snkČSB 366/7/1951  |i snk120/52  |0 0  |1 0  |4 0  |d 2012-08-31  |l 0  |r 2026-02-21 20:23:43  |w 2026-02-21 
952 |t č. 1-26  |a SNK  |b SNK  |y PREZ  |7 0  |p 17A1052527  |o snkČSB 366/1980 D1  |i snkČSP 379/81  |0 0  |1 0  |4 0  |d 2013-03-21  |l 0  |r 2026-02-21 20:24:18  |w 2026-02-21 
952 |t č. 1-26  |a SNK  |b SNK  |y PREZ  |7 0  |p 17A0568049  |o snkČSB 366/[30]/1974 D1  |i snkČSP 253/75  |0 0  |1 0  |4 0  |d 2007-12-20  |l 0  |r 2026-02-21 20:28:15  |w 2026-02-21 
952 |t č. 1-26  |a SNK  |b SNK  |y PREZ  |7 0  |p 17A0397041  |o snkČSB 366/1983  |i snkČSP 586/84  |0 0  |1 0  |4 0  |d 2003-09-16  |l 0  |r 2005-01-02 00:00:00  |w 2026-02-21 
952 |t č. 1-12  |a SNK  |b SNK  |y PREZ  |7 0  |p 17A0430531  |o snkČSB 366/4/1948  |i snk521/49  |0 0  |1 0  |4 0  |d 2004-06-04  |l 0  |r 2005-01-02 00:00:00  |w 2026-02-21 
952 |t č. 1-26  |a SNK  |b SNK  |y PREZ  |7 0  |p 17A0250580  |o snkČSB 366/1987  |i snkČSP 2477/88  |0 0  |1 0  |4 0  |d 2000-08-30  |l 0  |r 2005-01-02 00:00:00  |w 2026-02-21 
952 |t č. 1-26  |a SNK  |b SNK  |y PREZ  |7 0  |p 17A0327878  |o snkČSB 366/1986  |i snkČSP 3117/87  |0 0  |1 0  |4 0  |d 2002-01-18  |l 0  |r 2005-01-02 00:00:00  |w 2026-02-21 
952 |a SNK  |b SNK  |y PREZ  |7 0  |p 17A0250775  |o snkČSB 366/1969 D1  |0 0  |1 0  |4 0  |d 2000-08-25  |l 0  |r 2005-01-02 00:00:00  |w 2026-02-21 
952 |t č. 1-26  |a SNK  |b SNK  |y PREZ  |7 0  |p 17A0406994  |o snkČSB 366/1979  |i snkČSP 377/80  |0 0  |1 0  |4 0  |d 2003-11-29  |l 0  |r 2005-01-02 00:00:00  |w 2026-02-21 
952 |t č. 1-26  |a SNK  |b SNK  |y PREZ  |7 0  |p 17A0406915  |o snkČSB 366/1985  |i snkČSP 167/86  |0 0  |1 0  |4 0  |d 2003-11-29  |l 0  |r 2005-01-02 00:00:00  |w 2026-02-21 
952 |t č. 2-7, neúplné  |a SNK  |b SNK  |y PREZ  |7 0  |p 17A0430541  |o snkČSB 366/1/1945  |i snk143/46  |0 0  |1 0  |4 0  |d 2004-06-04  |l 0  |r 2005-01-02 00:00:00  |w 2026-02-21 
952 |t č. 1-24  |a SNK  |b SNK  |y PREZ  |7 0  |p 17A0430532  |o snkČSB 366/2/1946  |i snk33/47  |0 0  |1 0  |4 0  |d 2004-06-04  |l 0  |r 2005-01-02 00:00:00  |w 2026-02-21 
952 |t č. 1-20  |a SNK  |b SNK  |y PREZ  |7 0  |p 17A0430550  |o snkČSB 366/3/1947  |i snk2228/48  |0 0  |1 0  |4 0  |d 2004-06-04  |l 0  |r 2005-01-02 00:00:00  |w 2026-02-21 
952 |t č. 1-12  |a SNK  |b SNK  |y PREZ  |7 0  |p 17A0597714  |o snkČSB 366/4/1948 D1  |i snkF 2867/68  |8 5  |0 0  |1 0  |4 0  |d 2008-09-12  |l 0  |r 2026-02-21 20:39:23  |w 2026-02-21 
952 |t č. 1-12  |a SNK  |b SNK  |y PREZ  |7 0  |p 17A0597925  |o snkČSB 366/5/1949  |i snk437/50  |0 0  |1 0  |4 0  |d 2008-09-30  |l 0  |r 2026-02-21 20:39:41  |w 2026-02-21 
952 |t č. 1-13  |a SNK  |b SNK  |y PREZ  |7 0  |p 17A0267050  |o snkČSB 366/1988/1  |i snkČSP 2941/89  |0 0  |1 0  |4 0  |d 2001-01-24  |l 0  |r 2005-01-02 00:00:00  |w 2026-02-21 
952 |t č. 14-26  |a SNK  |b SNK  |y PREZ  |7 0  |p 17A0267170  |o snkČSB 366/1988/2  |i snkČSP 2943/89  |3 2. časť  |0 0  |1 0  |4 0  |d 2001-01-25  |l 0  |r 2005-01-02 00:00:00  |w 2026-02-21 
952 |a SNK  |b SNK  |y PREZ  |7 0  |p 17A0240723  |o snkČSB 366/1989  |i snkČSP 4044/90  |0 0  |1 0  |4 0  |d 2002-07-29  |l 0  |r 2005-01-02 00:00:00  |w 2026-02-21 
952 |t č. 1-13  |a SNK  |b SNK  |y PREZ  |7 0  |p 17A0240725  |o snkČSB 366/1989/1  |i snkČSP 4041/90  |0 0  |1 0  |4 0  |d 2002-07-29  |l 0  |r 2005-01-02 00:00:00  |w 2026-02-21 
952 |t č. 1-5  |a SNK  |b SNK  |y PREZ  |7 0  |p 17A1022568  |o snkČSB 366/1/1945 D1  |z Príloha: voľ. listy 48 ks.  |3 Príloha: voľ. listy 48 ks.  |0 0  |1 0  |4 0  |d 2013-09-20  |l 0  |r 2026-02-21 20:50:08  |w 2026-02-21 
952 |t č. 1-26 + obs.  |a SNK  |b SNK  |y PREZ  |7 0  |p 17A0311927  |o snkČSB 366/1978  |i snkČSP 199/78  |0 0  |1 0  |4 0  |d 2001-08-21  |l 0  |r 2005-01-02 00:00:00  |w 2026-02-21 
952 |t č. 1-26  |a SNK  |b SNK  |y PREZ  |7 0  |p 17A0151553  |o snkČSB 366/1972  |i snkČSP 142/73  |0 0  |1 0  |4 0  |d 1998-07-21  |l 0  |r 2005-01-02 00:00:00  |w 2026-02-21 
952 |t č. 1-26  |a SNK  |b SNK  |y PREZ  |7 0  |p 17A0383257  |o snkČSB 366/1984  |i snkČSP 193/85  |0 0  |1 0  |4 0  |d 2003-05-12  |l 0  |r 2005-01-02 00:00:00  |w 2026-02-21 
952 |t č. 1-26  |a SNK  |b SNK  |y PREZ  |7 0  |p 17A0173355  |o snkČSB 366/1982  |i snkČSP 339/83  |0 0  |1 0  |4 0  |d 1998-12-17  |l 0  |r 2005-01-02 00:00:00  |w 2026-02-21 
952 |t č. 1-26  |a SNK  |b SNK  |y PREZ  |7 0  |p 17A0427924  |o snkČSB 366/1980  |i snkČSP 378/81  |0 0  |1 0  |4 0  |d 2004-05-06  |l 0  |r 2005-01-02 00:00:00  |w 2026-02-21 
952 |t č. 1-24  |a SNK  |b SNK  |y PREZ  |7 0  |p 17A0466639  |o snkČSB 366/2/1946 D1  |i snkII. 323/47  |0 0  |1 0  |4 0  |d 2005-04-19  |l 0  |r 2026-02-21 21:21:30  |w 2026-02-21 
952 |t č. 14-26  |a SNK  |b SNK  |y PREZ  |7 0  |p 17A0565575  |o snkČSB 366/1990/2  |i snkČSP 4124/93  |0 0  |1 0  |4 0  |d 2007-10-27  |l 0  |r 2026-02-21 21:22:28  |w 2026-02-21 
952 |t č. 1-26  |a SNK  |b SNK  |y PREZ  |7 0  |p 17A0182863  |o snkČSB 366/1976  |i snkČSP 457/77  |0 0  |1 0  |4 0  |d 1999-02-24  |l 0  |r 2005-01-02 00:00:00  |w 2026-02-21 
952 |t č. 1-26  |a SNK  |b SNK  |y PREZ  |7 0  |p 17A1187413  |o snkČSB 366/1983 D1  |i snkČSP 587/84  |0 0  |1 0  |4 0  |d 2017-02-09  |l 0  |r 2026-02-21 21:55:32  |w 2026-02-21 
952 |t č. 1-13  |a SNK  |b SNK  |y PREZ  |7 0  |p 17A1190963  |o snkČSB 366/1989/1 D1  |i snkČSP 4042/90  |0 0  |1 0  |4 0  |d 2018-12-05  |l 0  |r 2026-02-21 22:13:32  |w 2026-02-21 
952 |t č. 14-26 + obsah ročníka  |a SNK  |b SNK  |y PREZ  |7 0  |p 17A1190964  |o snkČSB 366/1989/2 D1  |i snkČSP 4043/90  |0 0  |1 0  |4 0  |d 2018-12-06  |l 0  |r 2026-02-21 22:13:33  |w 2026-02-21 
952 |t č. 1-26  |a SNK  |b SNK  |y PREZ  |7 0  |p 17A1151381  |o snkČSB 366/1968 D1  |i snkČSP 699/70  |0 0  |1 0  |4 0  |d 2016-12-05  |l 0  |r 2026-02-21 22:24:43  |w 2026-02-21 
952 |t č. 1-26  |a SNK  |b SNK  |y PREZ  |7 0  |p 17A1151305  |o snkČSB 366/34/1978 D1  |i snkČSP 200/78  |0 0  |1 0  |4 0  |d 2016-12-01  |l 0  |r 2026-02-21 22:24:47  |w 2026-02-21 
952 |t č. 1-26  |a SNK  |b SNK  |y PREZ  |7 0  |p 17A1315582  |o snkČSB 366/1986 D1  |i snkČSP 3118/87  |0 0  |1 0  |4 0  |d 2020-03-06  |l 0  |r 2026-02-21 22:29:26  |w 2026-02-21 
952 |t č. 1-26  |a SNK  |b SNK  |y PREZ  |7 0  |p 17A1437164  |o snkČSB 366/1984 D1  |i snkČSP 194/85  |0 0  |1 0  |2 udc  |4 0  |d 2003-05-12  |l 1  |r 2026-04-10 10:59:01  |s 2026-04-10  |w 2026-02-21